00889cam a22002651 4500001001300000003000400013005001700017008004100034010001700075025001900092035002000111040002500131041001400156042001200170050001600182100003800198245011000236250002400346260007700370300003100447440003500478500005900513650003400572999001700606sa 68011680 DLC20260227112603.0900208s1968 ii f 000 0 hinr  asa 68011680  aPL480:I-H-5946 a(OCoLC)21020390 aDLCcMiEMdMiEMdDLC0 ahinengsan apremarc00aNA1502b.S51 aŚukla, Dvijendranātha,d1916-10aBhāratīya Sthāpatya:bŚāstrīya evam Kalātmaka Adhyayana.cLekhaka Dvijendranātha Śukla. a[1. Saṅskaraṇa] aLucknow,bHindī Samiti, Sūcanā Vibhāga, Uttara Pradeśac[1968] a22, 644 p.bplatesc23 cm. 0aHindi Samiti granthamala,v155 aIn Hindi; includes quotations in English and Sanskrit. 0aArchitecturezIndiaxHistory. c84056d84056